| 000 | 00535cam a2200145 4500500 | ||
|---|---|---|---|
| 005 | 20251228053013.0 | ||
| 041 | _afre | ||
| 042 | _adc | ||
| 100 | 1 | 0 |
_aCohen Boulakia, Elio _eauthor |
| 245 | 0 | 0 | _aJacques Guyard, Évry ville nouvelle. 1960-2003. La troisième banlieue, Espaces Sud, 2003, 351 p. |
| 260 | _c2005. | ||
| 500 | _a2 | ||
| 786 | 0 | _nEspaces et sociétés | 119 | 4 | 2005-03-01 | p. 225e-242e | 0014-0481 | |
| 856 | 4 | 1 | _uhttps://shs.cairn.info/revue-espaces-et-societes-2004-4-page-225e?lang=fr&redirect-ssocas=7080 |
| 999 |
_c1584989 _d1584989 |
||